<?xml version="1.0" encoding="UTF-8"?>
<record
    xmlns:xsi="http://www.w3.org/2001/XMLSchema-instance"
    xsi:schemaLocation="http://www.loc.gov/MARC21/slim http://www.loc.gov/standards/marcxml/schema/MARC21slim.xsd"
    xmlns="http://www.loc.gov/MARC21/slim">

  <leader>01906cam a2200385 a 4500</leader>
  <controlfield tag="001">14814553</controlfield>
  <controlfield tag="003">NUST</controlfield>
  <controlfield tag="005">20220202111216.0</controlfield>
  <controlfield tag="008">070419s2007    ctua     b    001 0 eng  </controlfield>
  <datafield tag="010" ind1=" " ind2=" ">
    <subfield code="a">  2007016143</subfield>
  </datafield>
  <datafield tag="015" ind1=" " ind2=" ">
    <subfield code="a">GBA740974</subfield>
    <subfield code="2">bnb</subfield>
  </datafield>
  <datafield tag="016" ind1="7" ind2=" ">
    <subfield code="a">013755783</subfield>
    <subfield code="2">Uk</subfield>
  </datafield>
  <datafield tag="020" ind1=" " ind2=" ">
    <subfield code="a">9780313337604 (alk. paper)</subfield>
  </datafield>
  <datafield tag="020" ind1=" " ind2=" ">
    <subfield code="a">0313337608 (alk. paper)</subfield>
  </datafield>
  <datafield tag="035" ind1=" " ind2=" ">
    <subfield code="a">(OCoLC)ocn123391022</subfield>
  </datafield>
  <datafield tag="035" ind1=" " ind2=" ">
    <subfield code="a">(OCoLC)123391022</subfield>
  </datafield>
  <datafield tag="038" ind1=" " ind2=" ">
    <subfield code="a">Rani Shaista Kanwal</subfield>
  </datafield>
  <datafield tag="040" ind1=" " ind2=" ">
    <subfield code="a">DLC</subfield>
    <subfield code="c">DLC</subfield>
    <subfield code="d">BAKER</subfield>
    <subfield code="d">UKM</subfield>
    <subfield code="d">BTCTA</subfield>
    <subfield code="d">C#P</subfield>
    <subfield code="d">YDXCP</subfield>
    <subfield code="d">DLC</subfield>
  </datafield>
  <datafield tag="050" ind1="0" ind2="0">
    <subfield code="a">RB155.8</subfield>
    <subfield code="b">.K45 2007</subfield>
  </datafield>
  <datafield tag="082" ind1="0" ind2="0">
    <subfield code="a">616.042</subfield>
    <subfield code="2">22</subfield>
  </datafield>
  <datafield tag="100" ind1="1" ind2=" ">
    <subfield code="a">Kelly, Evelyn B.</subfield>
    <subfield code="9">88717</subfield>
  </datafield>
  <datafield tag="245" ind1="1" ind2="0">
    <subfield code="a">Gene therapy /</subfield>
    <subfield code="c">Evelyn B. Kelly.</subfield>
  </datafield>
  <datafield tag="260" ind1=" " ind2=" ">
    <subfield code="a">Westport, Conn. :</subfield>
    <subfield code="b">Greenwood Press,</subfield>
    <subfield code="c">2007.</subfield>
  </datafield>
  <datafield tag="300" ind1=" " ind2=" ">
    <subfield code="a">x, 198 p. :</subfield>
    <subfield code="b">ill. ;</subfield>
    <subfield code="c">25 cm.</subfield>
  </datafield>
  <datafield tag="440" ind1=" " ind2="0">
    <subfield code="a">Health and medical issues today,</subfield>
    <subfield code="x">1558-7592</subfield>
    <subfield code="9">88718</subfield>
  </datafield>
  <datafield tag="504" ind1=" " ind2=" ">
    <subfield code="a">Includes bibliographical references (p. [187]-192) and index.</subfield>
  </datafield>
  <datafield tag="505" ind1=" " ind2=" ">
    <subfield code="a">Gene therapy : a treatment for altered genes --
Medical and scientific issues in gene therapy --
Discoveries leading to gene therapy --
Successes and setbacks in the 1990s --
Single-gene recessive disorders --
Single-gene traits : dominant disorders --
X-linked disorders --
Multigene and traits influenced by environment --
Ethics issues and gene therapy --
Regulatory actions in the United States --
Gene therapy in other countries --
Social and religious issues --
The future of gene therapy.</subfield>
  </datafield>
  <datafield tag="563" ind1=" " ind2=" ">
    <subfield code="a">HB</subfield>
  </datafield>
  <datafield tag="650" ind1=" " ind2="0">
    <subfield code="a">Gene therapy</subfield>
    <subfield code="v">Popular works.</subfield>
    <subfield code="9">88719</subfield>
  </datafield>
  <datafield tag="650" ind1=" " ind2="0">
    <subfield code="a">Gene therapy</subfield>
    <subfield code="x">Moral and ethical aspects</subfield>
    <subfield code="v">Popular works.</subfield>
    <subfield code="9">88720</subfield>
  </datafield>
  <datafield tag="856" ind1="4" ind2="1">
    <subfield code="3">Table of contents only</subfield>
    <subfield code="u">http://www.loc.gov/catdir/toc/ecip0716/2007016143.html</subfield>
  </datafield>
  <datafield tag="906" ind1=" " ind2=" ">
    <subfield code="a">7</subfield>
    <subfield code="b">cbc</subfield>
    <subfield code="c">orignew</subfield>
    <subfield code="d">1</subfield>
    <subfield code="e">ecip</subfield>
    <subfield code="f">20</subfield>
    <subfield code="g">y-gencatlg</subfield>
  </datafield>
  <datafield tag="942" ind1=" " ind2=" ">
    <subfield code="2">ddc</subfield>
    <subfield code="c">BK</subfield>
  </datafield>
  <datafield tag="999" ind1=" " ind2=" ">
    <subfield code="c">587750</subfield>
    <subfield code="d">587750</subfield>
  </datafield>
  <datafield tag="952" ind1=" " ind2=" ">
    <subfield code="0">0</subfield>
    <subfield code="1">0</subfield>
    <subfield code="2">ddc</subfield>
    <subfield code="4">0</subfield>
    <subfield code="7">0</subfield>
    <subfield code="a">ASAB</subfield>
    <subfield code="b">ASAB</subfield>
    <subfield code="d">2019-06-24</subfield>
    <subfield code="e">Golden Books</subfield>
    <subfield code="l">1</subfield>
    <subfield code="o">616.042 GEN 2007 3453</subfield>
    <subfield code="p">ASAB3453</subfield>
    <subfield code="r">2025-06-26</subfield>
    <subfield code="s">2022-02-03</subfield>
    <subfield code="t">01</subfield>
    <subfield code="w">2019-06-24</subfield>
    <subfield code="y">BK</subfield>
  </datafield>
</record>
